000
00257dam a22001097a 4500
999
_c
3010
_d
3010
008
190603e1991 mx ||||| |||| 00| 0 spa d
100
_a
Stein, Jay H.
_9
1424
245
_a
Medicina Interna
250
_a
3a ed.
260
_a
Mexico
_b
Salvat
_c
1991
500
_a
Baja